00623nam a22001577a 4500003000400000008004100004020001800045082001600063100001900079245014000098260007400238300001600312650009700328700002000425700002000445OSt260629b |||||||| |||| 00| 0 eng d a9788119105403 a640.7bS61R aSingh, Suman  aResource Management (RM:ASSET) Advancements & Strategies for Education and Transformation / by Suman Singh, Sapna Dinesh, Roopa R. Rao aNew Delhi: bInternational Books & Periodicals Supply Service, c2024 axix, 512 p. aHome Economics and Family Living | Technology (Applied sciences) | Home Economics | Teaching aDinesh, Sapna  a Rao, Roopa R.